000 00643nam a22002057a 4500
003 OSt
005 20160407123726.0
008 160317b xxu||||| |||| 00| 0 eng d
020 _a0226768370
040 _aKabu
_cKabu
050 _aML3800
_b.M87 2010
245 _aMusic in German Philosophy
_ban introduction
_cedited by Stefan Lorenz Sorgner and Oliver Furbeth
260 _aUSA
_bUniversity of Chicago
_c2010
300 _aXii, 265p.
610 _aMusic
_xphilosophy and aesthetics
610 _aMusic and philosophy
_xGerman
700 _a Sorgner, Stefan Lorenz
700 _aFubeth, Oliver
942 _2lcc
_cBK
_kML3800 M87 2010 C.1
999 _c15829
_d15829